000 00347nam a2200145Ia 4500
008 191201s2005 xx 000 0 und d
082 _a005.1
_bSKI
100 _aSKIDMORE, Steve
245 0 _aIntroducing Systems Analysis
250 _aRep
260 _aN.Delhi
_bBPB Publication
_c2005
300 _a196
650 _aB.Tech(CSE)
942 _2ddc
_cBK
999 _c456
_d456